Evangelion Episodes Quiz Stats

 Plays Quiz not verified by Sporcle

Score 0/26 Timer 05:00
0 Plays Today
Episode % Correct
Rei I
73.5%
Angel Attack
72.8%
Rei II
72.8%
Rei III
67.5%
Asuka Strikes!
61.6%
Magma Diver
51%
Hedgehog's Dilemma
47%
The Beast
44.4%
Both Of You, Dance Like You Want To Win!
43.7%
Take Care Of Yourself
38.4%
The Day Tokyo-3 Stood Still
37.7%
Weaving A Story
30.5%
Do You Love Me?
28.5%
Episode % Correct
A Human Work
25.8%
A Transfer
25.2%
Splitting of the Breast
24.5%
Don't Be
24.5%
Introjection
22.5%
Fourth Children
21.9%
She Said, 'Don't Make Others Suffer For Your Personal Hatred'
19.9%
Lilliputian Hitcher
18.5%
Ambivalence
17.9%
WEAVING A STORY 2: Oral Stage
17.2%
Those Women Longed For The Touch Of Others' Lips, And Thus Invited Their Kisses
13.2%
He Was Aware That He Was Still A Child
11.9%
The Beginning And The End, Or 'Knockin' On Heaven's Door
11.9%

You're not logged in!

Compare scores with friends on all Sporcle quizzes.
OR
Log In

Sporcle TV

Today on Sporcle TV


Watch our educational content, quiz creation guides, and fun videos on Sporcle TV.

Show Comments

Extras

Created Aug 27, 2015ReportNominate
Tags:episode, evangelion

Top Quizzes Today


Score Distribution

Your Account Isn't Verified!

In order to create a playlist on Sporcle, you need to verify the email address you used during registration. Go to your Sporcle Settings to finish the process.

Report this User

Report this user for behavior that violates our Community Guidelines.

Details: